| 000 | 00380nam a22001457a 4500 | ||
|---|---|---|---|
| 082 |
_a526.982 _bPHO |
||
| 100 |
_aDept of US Army _939663 |
||
| 245 | _aPhotogrammetric mapping | ||
| 250 | _aDonated to NUST | ||
| 260 |
_aWashington. _bThe World Bank _c1963 |
||
| 300 |
_ai-ii, 36p. _bill. |
||
| 526 |
_a0 _b0 _c0 _d526_982000000000000_PHO |
||
| 650 |
_aNUST _96342 |
||
| 942 |
_2ddc _cBK |
||
| 999 |
_c544115 _d544115 |
||